[Event "European Individual Blitz Chess Championship 2016"]
[Site "?"]
[Date "2016.12.17"]
[Round "10.23"]
[White "Marin, Mihail"]
[Black "Pustovoitova, Daria"]
[Result "1-0"]
[BlackElo "2357"]
[WhiteElo "2545"]
[LiveChessVersion "1.4.7"]

1. Nf3 {[%clk 0:03:02]} Nf6 {[%clk 0:03:03]} 2. c4 {[%clk 0:03:05]} c5
{[%clk 0:03:06]} 3. Nc3 {[%clk 0:03:05]} Nc6 {[%clk 0:03:07]} 4. e3
{[%clk 0:03:05]} e5 {[%clk 0:03:08]} 5. d4 {[%clk 0:03:05]} e4 {[%clk 0:03:09]}
6. Ne5 {[%clk 0:03:05]} Be7 {[%clk 0:03:10]} 7. Be2 {[%clk 0:03:01]} O-O
{[%clk 0:03:06]} 8. O-O {[%clk 0:02:58]} Re8 {[%clk 0:02:55]} 9. b3
{[%clk 0:02:50]} cxd4 {[%clk 0:02:50]} 10. exd4 {[%clk 0:02:45]} Bb4
{[%clk 0:02:50]} 11. Bb2 {[%clk 0:02:40]} d6 {[%clk 0:02:45]} 12. Nxc6
{[%clk 0:02:36]} bxc6 {[%clk 0:02:45]} 13. a3 {[%clk 0:02:35]} Ba5
{[%clk 0:02:34]} 14. b4 {[%clk 0:02:35]} Bc7 {[%clk 0:02:34]} 15. d5
{[%clk 0:02:32]} Bb7 {[%clk 0:02:02]} 16. dxc6 {[%clk 0:02:28]} Bxc6
{[%clk 0:02:03]} 17. Qd2 {[%clk 0:02:27]} d5 {[%clk 0:01:58]} 18. cxd5
{[%clk 0:02:00]} Nxd5 {[%clk 0:01:52]} 19. Nxd5 {[%clk 0:01:56]} Qxd5
{[%clk 0:01:42]} 20. Qxd5 {[%clk 0:01:49]} Bxd5 {[%clk 0:01:43]} 21. Rfd1
{[%clk 0:01:49]} Red8 {[%clk 0:01:43]} 22. a4 {[%clk 0:01:23]} Bb3
{[%clk 0:01:42]} 23. Rd4 {[%clk 0:01:12]} f5 {[%clk 0:01:12]} 24. Rc1
{[%clk 0:00:58]} Bb6 {[%clk 0:01:13]} 25. Rxd8+ {[%clk 0:00:58]} Rxd8
{[%clk 0:01:14]} 26. a5 {[%clk 0:00:58]} Rd2 {[%clk 0:00:55]} 27. axb6
{[%clk 0:00:43]} axb6 {[%clk 0:00:56]} 28. Rc8+ {[%clk 0:00:39]} Kf7
{[%clk 0:00:57]} 29. Bh5+ {[%clk 0:00:25]} g6 {[%clk 0:00:53]} 30. Bc1
{[%clk 0:00:24]} Rd4 {[%clk 0:00:37]} 31. Be2 {[%clk 0:00:21]} Rxb4
{[%clk 0:00:37]} 32. h4 {[%clk 0:00:20]} Bd5 {[%clk 0:00:35]} 33. Be3
{[%clk 0:00:14]} Rb1+ {[%clk 0:00:34]} 34. Kh2 {[%clk 0:00:14]} b5
{[%clk 0:00:36]} 35. Rc7+ {[%clk 0:00:13]} Ke6 {[%clk 0:00:37]} 36. Rxh7
{[%clk 0:00:11]} b4 {[%clk 0:00:38]} 37. Rg7 {[%clk 0:00:09]} b3 {[%clk 0:00:36]}
38. Rxg6+ {[%clk 0:00:10]} Ke5 {[%clk 0:00:37]} 39. Rb6 {[%clk 0:00:08]} f4
{[%clk 0:00:38]} 40. Bd2 {[%clk 0:00:08]} f3 {[%clk 0:00:36]} 41. Bc3+
{[%clk 0:00:08]} Kf4 {[%clk 0:00:34]} 42. g3+ {[%clk 0:00:08]} Kg4
{[%clk 0:00:35]} 43. Ba6 {[%clk 0:00:09]} e3 {[%clk 0:00:29]} 44. Bc8+
{[%clk 0:00:08]} Kh5 {[%clk 0:00:30]} 45. g4+ {[%clk 0:00:05]} Kxh4
{[%clk 0:00:31]} 46. Bf6# {[%clk 0:00:06]} Rb2 1-0

[Event "European Individual Blitz Chess Championship 2016"]
[Site "?"]
[Date "2016.12.17"]
[Round "11.12"]
[White "Riazantsev, Alexander"]
[Black "Kulaots, Kaido"]
[Result "1-0"]
[BlackElo "2572"]
[WhiteElo "2678"]
[LiveChessVersion "1.4.7"]

1. d4 {[%clk 0:03:03]} Nf6 {[%clk 0:03:03]} 2. c4 {[%clk 0:03:05]} g6
{[%clk 0:03:02]} 3. Nc3 {[%clk 0:03:06]} d5 {[%clk 0:03:03]} 4. Bf4
{[%clk 0:02:59]} Bg7 {[%clk 0:03:04]} 5. e3 {[%clk 0:03:00]} O-O {[%clk 0:03:02]}
6. Nf3 {[%clk 0:02:57]} c5 {[%clk 0:03:01]} 7. dxc5 {[%clk 0:02:56]} Qa5
{[%clk 0:02:56]} 8. Rc1 {[%clk 0:02:57]} dxc4 {[%clk 0:02:55]} 9. Bxc4
{[%clk 0:02:57]} Qxc5 {[%clk 0:02:52]} 10. Bb3 {[%clk 0:02:56]} Nc6
{[%clk 0:02:46]} 11. O-O {[%clk 0:02:55]} Qa5 {[%clk 0:02:38]} 12. h3
{[%clk 0:02:54]} Bf5 {[%clk 0:02:39]} 13. Qe2 {[%clk 0:02:54]} Ne4
{[%clk 0:02:36]} 14. Nd5 {[%clk 0:02:52]} e5 {[%clk 0:02:15]} 15. Bg5
{[%clk 0:02:53]} Nxg5 {[%clk 0:01:51]} 16. Nxg5 {[%clk 0:02:53]} Qd8
{[%clk 0:01:42]} 17. h4 {[%clk 0:02:53]} h6 {[%clk 0:01:34]} 18. g4
{[%clk 0:02:40]} Bd7 {[%clk 0:01:17]} 19. Ne4 {[%clk 0:02:33]} f5
{[%clk 0:01:10]} 20. gxf5 {[%clk 0:01:46]} Bxf5 {[%clk 0:00:52]} 21. Ne7+
{[%clk 0:01:16]} Kh7 {[%clk 0:00:47]} 22. Nxf5 {[%clk 0:01:17]} gxf5
{[%clk 0:00:46]} 23. Ng3 {[%clk 0:01:11]} Qxh4 {[%clk 0:00:43]} 24. Bc2
{[%clk 0:00:57]} e4 {[%clk 0:00:38]} 25. Kg2 {[%clk 0:00:58]} Ne5
{[%clk 0:00:32]} 26. Rh1 {[%clk 0:00:59]} Qg4 {[%clk 0:00:33]} 27. Qxg4
{[%clk 0:00:50]} Nxg4 {[%clk 0:00:34]} 28. Nxf5 {[%clk 0:00:50]} Rxf5
{[%clk 0:00:30]} 29. Bxe4 {[%clk 0:00:51]} Kg6 {[%clk 0:00:32]} 30. Rc5
{[%clk 0:00:39]} Raf8 {[%clk 0:00:30]} 31. Rd1 {[%clk 0:00:38]} Kg5
{[%clk 0:00:21]} 32. Bxf5 {[%clk 0:00:35]} Rxf5 {[%clk 0:00:22]} 33. Rxf5+
{[%clk 0:00:27]} Kxf5 {[%clk 0:00:23]} 34. Rd7 {[%clk 0:00:28]} Bxb2
{[%clk 0:00:18]} 35. Rxb7 {[%clk 0:00:30]} Bf6 {[%clk 0:00:14]} 36. Rxa7
{[%clk 0:00:31]} Bh4 {[%clk 0:00:15]} 37. a4 {[%clk 0:00:30]} Bxf2
{[%clk 0:00:14]} 38. Rf7+ {[%clk 0:00:31]} Ke6 {[%clk 0:00:12]} 39. Rxf2
{[%clk 0:00:32]} Nxe3+ {[%clk 0:00:11]} 40. Kf3 {[%clk 0:00:32]} Nc4
{[%clk 0:00:12]} 41. Ke4 {[%clk 0:00:30]} Kd6 {[%clk 0:00:11]} 42. Kd4
{[%clk 0:00:30]} Na5 {[%clk 0:00:09]} 43. Rf6+ {[%clk 0:00:31]} Kc7
{[%clk 0:00:11]} 44. Rxh6 {[%clk 0:00:31]} Kb7 {[%clk 0:00:10]} 45. Kc5
{[%clk 0:00:31]} Nb3+ {[%clk 0:00:11]} 46. Kb4 {[%clk 0:00:32]} Nd4
{[%clk 0:00:12]} 47. Rh4 {[%clk 0:00:28]} Nc6+ {[%clk 0:00:13]} 48. Kb5
{[%clk 0:00:28]} Na7+ {[%clk 0:00:13]} 49. Kc5 {[%clk 0:00:30]} Ka6
{[%clk 0:00:15]} 50. Rh7 {[%clk 0:00:29]} Nc8 {[%clk 0:00:15]} 51. Rg7
{[%clk 0:00:21]} Na7 {[%clk 0:00:14]} 52. Rc7 {[%clk 0:00:16]} 1-0

[Event "European Individual Blitz Chess Championship 2016"]
[Site "?"]
[Date "2016.12.17"]
[Round "11.20"]
[White "Agrest, Evgenij"]
[Black "Pavlidis, Antonios"]
[Result "0-1"]
[BlackElo "2619"]
[WhiteElo "2485"]
[LiveChessVersion "1.4.7"]

1. c4 {[%clk 0:03:02]} Nf6 {[%clk 0:03:03]} 2. Nf3 {[%clk 0:03:03]} g6
{[%clk 0:03:04]} 3. d4 {[%clk 0:03:00]} Bg7 {[%clk 0:03:04]} 4. Nc3
{[%clk 0:03:01]} O-O {[%clk 0:03:04]} 5. Bg5 {[%clk 0:03:02]} d6 {[%clk 0:03:03]}
6. e3 {[%clk 0:03:03]} h6 {[%clk 0:02:55]} 7. Bh4 {[%clk 0:03:04]} c5
{[%clk 0:02:55]} 8. d5 {[%clk 0:03:04]} g5 {[%clk 0:02:40]} 9. Bg3
{[%clk 0:03:04]} Nh5 {[%clk 0:02:41]} 10. Bd3 {[%clk 0:03:04]} f5
{[%clk 0:02:32]} 11. Nd2 {[%clk 0:03:02]} Nxg3 {[%clk 0:02:27]} 12. hxg3
{[%clk 0:03:03]} Nd7 {[%clk 0:02:27]} 13. Qc2 {[%clk 0:02:56]} Ne5
{[%clk 0:02:25]} 14. Be2 {[%clk 0:02:56]} a6 {[%clk 0:02:23]} 15. f4
{[%clk 0:02:51]} Nd7 {[%clk 0:02:17]} 16. Bd3 {[%clk 0:02:51]} Nb8
{[%clk 0:02:03]} 17. fxg5 {[%clk 0:02:37]} hxg5 {[%clk 0:02:03]} 18. g4
{[%clk 0:02:38]} b5 {[%clk 0:01:38]} 19. Bxf5 {[%clk 0:02:34]} Bxf5
{[%clk 0:01:35]} 20. gxf5 {[%clk 0:02:34]} Nd7 {[%clk 0:01:30]} 21. Nce4
{[%clk 0:02:29]} Bf6 {[%clk 0:01:16]} 22. Nf3 {[%clk 0:02:13]} Qa5+
{[%clk 0:01:16]} 23. Kf2 {[%clk 0:02:12]} bxc4 {[%clk 0:01:14]} 24. Nfxg5
{[%clk 0:02:07]} Rab8 {[%clk 0:01:09]} 25. Nxf6+ {[%clk 0:01:55]} Rxf6
{[%clk 0:01:09]} 26. Rh4 {[%clk 0:01:55]} Ne5 {[%clk 0:00:41]} 27. Rah1
{[%clk 0:01:46]} Rff8 {[%clk 0:00:21]} 28. Rh8+ {[%clk 0:01:20]} Kg7
{[%clk 0:00:22]} 29. R1h7+ {[%clk 0:01:20]} Kf6 {[%clk 0:00:23]} 30. Ne4+
{[%clk 0:00:56]} Kxf5 {[%clk 0:00:24]} 31. Kg1 {[%clk 0:00:52]} Qe1+
{[%clk 0:00:15]} 32. Kh2 {[%clk 0:00:53]} Ng4+ {[%clk 0:00:12]} 33. Qd1 0-1

[Event "European Individual Blitz Chess Championship 2016"]
[Site "?"]
[Date "2016.12.17"]
[Round "11.23"]
[White "Neiksans, Arturs"]
[Black "Loginov, Valery A"]
[Result "1-0"]
[BlackElo "2397"]
[WhiteElo "2584"]
[LiveChessVersion "1.4.7"]

1. e4 {[%clk 0:03:02]} c5 {[%clk 0:03:02]} 2. Nf3 {[%clk 0:03:03]} d6
{[%clk 0:03:03]} 3. Bb5+ {[%clk 0:03:04]} Bd7 {[%clk 0:03:03]} 4. c4
{[%clk 0:03:05]} Nc6 {[%clk 0:02:58]} 5. d4 {[%clk 0:03:05]} cxd4
{[%clk 0:02:58]} 6. Nxd4 {[%clk 0:03:05]} Nf6 {[%clk 0:02:54]} 7. Nc3
{[%clk 0:03:06]} g6 {[%clk 0:02:53]} 8. f3 {[%clk 0:03:03]} Bg7 {[%clk 0:02:54]}
9. Be3 {[%clk 0:03:04]} O-O {[%clk 0:02:51]} 10. O-O {[%clk 0:03:03]} a6
{[%clk 0:02:38]} 11. Bxc6 {[%clk 0:02:49]} bxc6 {[%clk 0:02:38]} 12. c5
{[%clk 0:02:50]} Rb8 {[%clk 0:02:27]} 13. cxd6 {[%clk 0:02:37]} exd6
{[%clk 0:02:27]} 14. Rf2 {[%clk 0:02:34]} Qc7 {[%clk 0:02:10]} 15. Rc1
{[%clk 0:02:31]} c5 {[%clk 0:02:00]} 16. Nb3 {[%clk 0:02:27]} Be6
{[%clk 0:01:54]} 17. Rd2 {[%clk 0:02:22]} Rfd8 {[%clk 0:01:50]} 18. Bf4
{[%clk 0:02:13]} Nh5 {[%clk 0:01:04]} 19. Bxd6 {[%clk 0:01:53]} Rxd6
{[%clk 0:01:05]} 20. Rxd6 {[%clk 0:01:54]} Be5 {[%clk 0:01:05]} 21. Rd2
{[%clk 0:01:23]} Bxh2+ {[%clk 0:01:05]} 22. Kf1 {[%clk 0:01:25]} Bc4+
{[%clk 0:00:50]} 23. Ne2 {[%clk 0:01:17]} Ng3+ {[%clk 0:00:48]} 24. Kf2
{[%clk 0:01:19]} Bxe2 {[%clk 0:00:30]} 25. Rxe2 {[%clk 0:01:20]} Nxe2
{[%clk 0:00:27]} 26. Qxe2 {[%clk 0:01:12]} Qg3+ {[%clk 0:00:27]} 27. Kf1
{[%clk 0:01:14]} Qh4 {[%clk 0:00:27]} 28. Qf2 {[%clk 0:00:58]} Bg3
{[%clk 0:00:27]} 29. Qxc5 {[%clk 0:00:58]} h5 {[%clk 0:00:22]} 30. Ke2
{[%clk 0:00:59]} Qf4 {[%clk 0:00:21]} 31. Qe3 {[%clk 0:00:58]} Qf6
{[%clk 0:00:21]} 32. Qc3 {[%clk 0:00:24]} Be5 {[%clk 0:00:21]} 33. Qd3
{[%clk 0:00:23]} Bxb2 {[%clk 0:00:20]} 34. Rc7 {[%clk 0:00:23]} Be5
{[%clk 0:00:21]} 35. Rc5 {[%clk 0:00:21]} h4 {[%clk 0:00:18]} 36. Qc4
{[%clk 0:00:16]} Qg5 {[%clk 0:00:16]} 37. Kf1 {[%clk 0:00:17]} h3
{[%clk 0:00:16]} 38. gxh3 {[%clk 0:00:18]} Qg3 {[%clk 0:00:16]} 39. Rc8+
{[%clk 0:00:13]} Rxc8 {[%clk 0:00:16]} 40. Qxc8+ {[%clk 0:00:13]} Kg7
{[%clk 0:00:17]} 41. Qg4 {[%clk 0:00:13]} Qh2 {[%clk 0:00:18]} 42. Qg2
{[%clk 0:00:15]} Qf4 {[%clk 0:00:19]} 43. Qf2 {[%clk 0:00:08]} a5
{[%clk 0:00:18]} 44. Nxa5 {[%clk 0:00:07]} Qc1+ 45. Kg2 Qc3 {[%clk 0:00:17]} 46.
Nb3 {[%clk 0:00:09]} Bf4 {[%clk 0:00:17]} 47. Qe2 {[%clk 0:00:10]} Qf6
{[%clk 0:00:17]} 48. Kf1 {[%clk 0:00:10]} Qg5 {[%clk 0:00:18]} 49. Nd4
{[%clk 0:00:07]} Qh5 {[%clk 0:00:17]} 50. Qg2 {[%clk 0:00:09]} Qc5
{[%clk 0:00:17]} 51. Ne2 {[%clk 0:00:07]} Be3 {[%clk 0:00:17]} 52. f4
{[%clk 0:00:05]} Qc2 {[%clk 0:00:18]} 53. Qf3 {[%clk 0:00:06]} Bc5
{[%clk 0:00:17]} 54. e5 {[%clk 0:00:06]} Qxa2 {[%clk 0:00:18]} 55. Kg2
{[%clk 0:00:07]} Qc2 {[%clk 0:00:18]} 56. h4 {[%clk 0:00:08]} Qf5
{[%clk 0:00:18]} 57. Ng3 {[%clk 0:00:09]} Qc2+ {[%clk 0:00:19]} 58. Kh3
{[%clk 0:00:10]} Qc1 {[%clk 0:00:19]} 59. h5 {[%clk 0:00:10]} Qb1
{[%clk 0:00:17]} 60. Ne4 {[%clk 0:00:09]} Be7 {[%clk 0:00:18]} 61. hxg6
{[%clk 0:00:10]} fxg6 {[%clk 0:00:18]} 62. Ng3 {[%clk 0:00:10]} Qb5
{[%clk 0:00:18]} 63. Qg4 {[%clk 0:00:10]} Qd3 {[%clk 0:00:16]} 64. Qe6
{[%clk 0:00:09]} Kf8 {[%clk 0:00:16]} 65. Qc8+ {[%clk 0:00:10]} Kg7
{[%clk 0:00:17]} 66. Qc6 {[%clk 0:00:11]} Kf7 {[%clk 0:00:17]} 67. Qe4
{[%clk 0:00:10]} Qxe4 {[%clk 0:00:16]} 68. Nxe4 {[%clk 0:00:11]} Ke6
{[%clk 0:00:15]} 69. Kg4 {[%clk 0:00:13]} Bd8 {[%clk 0:00:16]} 70. Ng5+
{[%clk 0:00:13]} Kd5 {[%clk 0:00:15]} 71. Nf7 {[%clk 0:00:14]} Be7
{[%clk 0:00:16]} 72. Ng5 {[%clk 0:00:09]} Bd8 {[%clk 0:00:16]} 73. Nf3
{[%clk 0:00:10]} Ke4 {[%clk 0:00:15]} 74. Nd2+ {[%clk 0:00:08]} Kd5
{[%clk 0:00:16]} 75. Nf3 {[%clk 0:00:08]} Ke4 {[%clk 0:00:17]} 76. Nd2+
{[%clk 0:00:04]} Kd5 {[%clk 0:00:17]} 77. Nf1 {[%clk 0:00:04]} g5
{[%clk 0:00:16]} 78. fxg5 {[%clk 0:00:05]} Bxg5 79. Kf5 Bd8 {[%clk 0:00:16]} 80.
Ne3+ {[%clk 0:00:08]} Kd4 {[%clk 0:00:15]} 81. Ng4 {[%clk 0:00:08]} Kd5
{[%clk 0:00:15]} 82. Nf6+ {[%clk 0:00:09]} Kd4 {[%clk 0:00:15]} 83. Nd7
{[%clk 0:00:07]} Kd5 {[%clk 0:00:16]} 84. Nf6+ {[%clk 0:00:08]} Be7
{[%clk 0:00:17]} 85. Ke4+ 1-0

[Event "European Individual Blitz Chess Championship 2016"]
[Site "?"]
[Date "2016.12.17"]
[Round "11.32"]
[White "Bernotas, Arturs"]
[Black "Jankovic, Alojzije"]
[Result "1-0"]
[BlackElo "2606"]
[WhiteElo "2348"]
[LiveChessVersion "1.4.7"]

1. e4 {[%clk 0:03:02]} c5 {[%clk 0:03:04]} 2. Nf3 {[%clk 0:03:02]} Nc6
{[%clk 0:03:05]} 3. Bb5 {[%clk 0:03:03]} e6 {[%clk 0:03:06]} 4. O-O
{[%clk 0:03:02]} Nge7 {[%clk 0:03:07]} 5. d4 {[%clk 0:03:03]} cxd4
{[%clk 0:03:08]} 6. Nxd4 {[%clk 0:03:04]} Ng6 {[%clk 0:03:07]} 7. Be3
{[%clk 0:02:34]} Be7 {[%clk 0:03:04]} 8. c4 {[%clk 0:01:45]} O-O {[%clk 0:02:50]}
9. Nc3 {[%clk 0:01:45]} Nce5 {[%clk 0:02:46]} 10. Qe2 {[%clk 0:01:40]} Qc7
{[%clk 0:02:33]} 11. f4 {[%clk 0:01:28]} a6 {[%clk 0:02:34]} 12. fxe5
{[%clk 0:01:14]} axb5 {[%clk 0:02:35]} 13. Ndxb5 {[%clk 0:01:07]} Qxe5
{[%clk 0:02:34]} 14. Bd4 {[%clk 0:00:49]} Bc5 {[%clk 0:02:25]} 15. Bxc5
{[%clk 0:00:48]} Qxc5+ {[%clk 0:02:25]} 16. Kh1 {[%clk 0:00:48]} d6
{[%clk 0:02:10]} 17. Rad1 {[%clk 0:00:44]} Ra6 {[%clk 0:02:11]} 18. a3
{[%clk 0:00:38]} Ne5 {[%clk 0:02:10]} 19. b3 {[%clk 0:00:39]} Bd7
{[%clk 0:02:05]} 20. Qf2 {[%clk 0:00:38]} Rc8 {[%clk 0:01:10]} 21. Qd4
{[%clk 0:00:34]} Bxb5 {[%clk 0:00:43]} 22. Nxb5 {[%clk 0:00:33]} Rcc6
{[%clk 0:00:39]} 23. Qxc5 {[%clk 0:00:27]} Rxc5 {[%clk 0:00:39]} 24. Rxd6
{[%clk 0:00:26]} Rxd6 {[%clk 0:00:31]} 25. Nxd6 {[%clk 0:00:26]} b6
{[%clk 0:00:30]} 26. Rd1 {[%clk 0:00:23]} Kf8 {[%clk 0:00:31]} 27. Nb5
{[%clk 0:00:18]} Ke7 {[%clk 0:00:30]} 28. Kg1 {[%clk 0:00:19]} Nc6
{[%clk 0:00:29]} 29. Kf2 {[%clk 0:00:18]} Re5 {[%clk 0:00:30]} 30. Kf3
{[%clk 0:00:18]} g5 {[%clk 0:00:28]} 31. h3 {[%clk 0:00:17]} h5 {[%clk 0:00:29]}
32. Nd4 {[%clk 0:00:16]} Na5 {[%clk 0:00:29]} 33. b4 {[%clk 0:00:15]} Nxc4
{[%clk 0:00:29]} 34. Nc6+ {[%clk 0:00:16]} Kf6 {[%clk 0:00:31]} 35. Nxe5
{[%clk 0:00:17]} Nxe5+ {[%clk 0:00:32]} 36. Ke2 {[%clk 0:00:12]} Nc4
{[%clk 0:00:33]} 37. a4 {[%clk 0:00:11]} Ke5 {[%clk 0:00:35]} 38. Rd7
{[%clk 0:00:07]} Kxe4 {[%clk 0:00:30]} 39. Rxf7 Kd5 {[%clk 0:00:29]} 40. Rg7
{[%clk 0:00:08]} g4 {[%clk 0:00:29]} 41. hxg4 {[%clk 0:00:08]} hxg4
{[%clk 0:00:30]} 42. Rxg4 {[%clk 0:00:09]} Nd6 {[%clk 0:00:29]} 43. Kd3
{[%clk 0:00:08]} e5 44. Rg5 {[%clk 0:00:06]} Ne4 {[%clk 0:00:31]} 45. Rg8
{[%clk 0:00:06]} Nf2+ {[%clk 0:00:31]} 46. Ke2 {[%clk 0:00:07]} Ne4
{[%clk 0:00:33]} 47. Ke3 {[%clk 0:00:08]} Nc3 {[%clk 0:00:34]} 48. a5
{[%clk 0:00:08]} bxa5 {[%clk 0:00:35]} 49. bxa5 {[%clk 0:00:10]} Kc6
{[%clk 0:00:36]} 50. Rc8+ {[%clk 0:00:10]} Kd5 51. Ke4+ 1-0

[Event "European Individual Blitz Chess Championship 2016"]
[Site "?"]
[Date "2016.12.17"]
[Round "12.4"]
[White "Chigaev, Maksim"]
[Black "Navara, David"]
[Result "0-1"]
[BlackElo "2754"]
[WhiteElo "2589"]
[LiveChessVersion "1.4.7"]

1. e4 {[%clk 0:03:03]} c6 {[%clk 0:03:03]} 2. d4 {[%clk 0:03:01]} d5
{[%clk 0:03:04]} 3. e5 {[%clk 0:03:01]} Bf5 {[%clk 0:03:05]} 4. h4
{[%clk 0:03:01]} Qb6 {[%clk 0:03:04]} 5. g4 {[%clk 0:02:29]} Bd7 {[%clk 0:03:04]}
6. h5 {[%clk 0:02:29]} c5 {[%clk 0:02:49]} 7. dxc5 {[%clk 0:01:46]} Qb4+
{[%clk 0:02:41]} 8. Nd2 {[%clk 0:01:41]} Bxg4 {[%clk 0:02:37]} 9. c3
{[%clk 0:01:12]} Bxd1 {[%clk 0:02:33]} 10. cxb4 {[%clk 0:01:12]} Bg4
{[%clk 0:02:32]} 11. Ngf3 {[%clk 0:01:00]} e6 {[%clk 0:02:04]} 12. Nd4
{[%clk 0:00:52]} Nc6 {[%clk 0:02:04]} 13. Bb5 {[%clk 0:00:46]} Nge7
{[%clk 0:02:05]} 14. Rh4 {[%clk 0:00:33]} Bf5 {[%clk 0:02:03]} 15. N2b3
{[%clk 0:00:34]} a6 {[%clk 0:01:57]} 16. Ba4 {[%clk 0:00:28]} O-O-O
{[%clk 0:01:46]} 17. Bxc6 {[%clk 0:00:28]} Nxc6 {[%clk 0:01:47]} 18. Nxc6
{[%clk 0:00:29]} bxc6 {[%clk 0:01:47]} 19. Bg5 {[%clk 0:00:30]} Re8
{[%clk 0:01:17]} 20. Nd4 {[%clk 0:00:29]} Kd7 {[%clk 0:01:15]} 21. h6
{[%clk 0:00:24]} gxh6 {[%clk 0:01:08]} 22. Bxh6 {[%clk 0:00:25]} Rg8
{[%clk 0:01:09]} 23. O-O-O {[%clk 0:00:23]} Rg4 {[%clk 0:01:07]} 24. Rh2
{[%clk 0:00:08]} Bxh6+ {[%clk 0:00:52]} 25. Rxh6 {[%clk 0:00:09]} Bg6
{[%clk 0:00:46]} 26. f3 {[%clk 0:00:06]} Rf4 {[%clk 0:00:37]} 27. a3
{[%clk 0:00:05]} f6 {[%clk 0:00:37]} 28. exf6 {[%clk 0:00:05]} e5
{[%clk 0:00:38]} 29. Ne2 {[%clk 0:00:04]} Rxf3 {[%clk 0:00:38]} 30. Nc3
{[%clk 0:00:05]} Ke6 {[%clk 0:00:35]} 31. Re1 {[%clk 0:00:04]} Rxf6
{[%clk 0:00:29]} 32. Rh2 {[%clk 0:00:04]} Ref8 {[%clk 0:00:29]} 33. Rhe2
{[%clk 0:00:03]} e4 {[%clk 0:00:30]} 34. Kd2 {[%clk 0:00:04]} Ke5
{[%clk 0:00:25]} 35. Na4 {[%clk 0:00:04]} d4 {[%clk 0:00:25]} 36. Nb6
{[%clk 0:00:05]} e3+ {[%clk 0:00:26]} 37. Kc1 {[%clk 0:00:06]} Rf1
{[%clk 0:00:23]} 38. Nd7+ {[%clk 0:00:07]} Ke4 {[%clk 0:00:13]} 39. Nxf8
{[%clk 0:00:07]} Rxf8 {[%clk 0:00:13]} 40. Rh2 {[%clk 0:00:07]} d3
{[%clk 0:00:10]} 41. Rh4+ {[%clk 0:00:06]} Rf4 {[%clk 0:00:11]} 42. Rxf4+
{[%clk 0:00:07]} Kxf4 43. Rf1+ Kg3 {[%clk 0:00:12]} 44. Rh1 {[%clk 0:00:07]} Kg2
{[%clk 0:00:11]} 0-1

[Event "European Individual Blitz Chess Championship 2016"]
[Site "?"]
[Date "2016.12.17"]
[Round "12.11"]
[White "Piorun, Kacper"]
[Black "Vitiugov, Nikita"]
[Result "0-1"]
[BlackElo "2682"]
[WhiteElo "2577"]
[LiveChessVersion "1.4.7"]

1. Nf3 {[%clk 0:03:03]} d5 {[%clk 0:03:03]} 2. c4 {[%clk 0:03:05]} c6
{[%clk 0:03:03]} 3. b3 {[%clk 0:03:02]} Bg4 {[%clk 0:02:59]} 4. e3
{[%clk 0:02:58]} e6 {[%clk 0:02:58]} 5. Bb2 {[%clk 0:02:59]} Nf6 {[%clk 0:02:56]}
6. Be2 {[%clk 0:03:00]} Nbd7 {[%clk 0:02:56]} 7. O-O {[%clk 0:03:00]} Bd6
{[%clk 0:02:56]} 8. Nc3 {[%clk 0:02:57]} O-O {[%clk 0:02:50]} 9. h3
{[%clk 0:02:57]} Bh5 {[%clk 0:02:49]} 10. Rc1 {[%clk 0:02:51]} Qe7
{[%clk 0:02:50]} 11. Nd4 {[%clk 0:02:28]} Bxe2 {[%clk 0:02:44]} 12. Qxe2
{[%clk 0:02:28]} a6 {[%clk 0:02:43]} 13. cxd5 {[%clk 0:02:24]} cxd5
{[%clk 0:02:43]} 14. f4 {[%clk 0:02:24]} Ba3 {[%clk 0:02:39]} 15. Bxa3
{[%clk 0:02:10]} Qxa3 {[%clk 0:02:39]} 16. Nc2 {[%clk 0:02:03]} Qd6
{[%clk 0:02:38]} 17. Nd4 {[%clk 0:02:04]} Rac8 {[%clk 0:02:36]} 18. Rc2
{[%clk 0:01:57]} Rc5 {[%clk 0:02:23]} 19. Rfc1 {[%clk 0:01:44]} Rfc8
{[%clk 0:02:23]} 20. Qd1 {[%clk 0:01:33]} g6 {[%clk 0:02:13]} 21. Nce2
{[%clk 0:01:06]} b6 {[%clk 0:01:53]} 22. d3 {[%clk 0:00:54]} e5 {[%clk 0:01:51]}
23. Nf3 {[%clk 0:00:45]} exf4 {[%clk 0:01:42]} 24. Nxf4 {[%clk 0:00:37]} Qe7
{[%clk 0:01:33]} 25. Kf2 {[%clk 0:00:32]} Re8 {[%clk 0:01:33]} 26. Qd2
{[%clk 0:00:31]} h6 {[%clk 0:01:26]} 27. b4 {[%clk 0:00:21]} Rxc2
{[%clk 0:01:25]} 28. Rxc2 {[%clk 0:00:22]} g5 {[%clk 0:01:25]} 29. Ne2
{[%clk 0:00:24]} g4 {[%clk 0:01:26]} 30. Nfd4 {[%clk 0:00:22]} gxh3
{[%clk 0:01:23]} 31. gxh3 {[%clk 0:00:18]} Nh5 {[%clk 0:01:24]} 32. Nf5
{[%clk 0:00:05]} Qf6 {[%clk 0:01:14]} 33. Ned4 {[%clk 0:00:07]} Ng7
{[%clk 0:01:11]} 34. Rc6 {[%clk 0:00:04]} Re6 {[%clk 0:01:11]} 35. Rc8+
{[%clk 0:00:03]} Kh7 {[%clk 0:01:12]} 36. e4 {[%clk 0:00:04]} dxe4
{[%clk 0:01:09]} 37. Nxe6 {[%clk 0:00:03]} Qxf5+ {[%clk 0:00:57]} 38. Nf4
{[%clk 0:00:04]} Nf6 {[%clk 0:00:58]} 39. Rc4 {[%clk 0:00:04]} Ne6
{[%clk 0:00:53]} 40. dxe4 {[%clk 0:00:04]} Nxe4+ {[%clk 0:00:51]} 41. Rxe4
{[%clk 0:00:05]} Qxe4 {[%clk 0:00:51]} 42. Nxe6 {[%clk 0:00:04]} fxe6
{[%clk 0:00:47]} 43. Qd7+ {[%clk 0:00:04]} Kg6 {[%clk 0:00:48]} 44. Qe8+
{[%clk 0:00:05]} Kg5 {[%clk 0:00:46]} 45. Qd8+ {[%clk 0:00:05]} Kf4
{[%clk 0:00:46]} 46. Qxb6 {[%clk 0:00:06]} Qf3+ {[%clk 0:00:45]} 47. Ke1
{[%clk 0:00:06]} Qe3+ {[%clk 0:00:43]} 48. Qxe3+ {[%clk 0:00:06]} Kxe3
{[%clk 0:00:44]} 49. a4 {[%clk 0:00:08]} Kd4 {[%clk 0:00:45]} 50. Kd2
{[%clk 0:00:04]} Kc4 {[%clk 0:00:46]} 51. b5 {[%clk 0:00:05]} axb5
{[%clk 0:00:47]} 52. axb5 {[%clk 0:00:06]} Kxb5 {[%clk 0:00:48]} 53. Kd3
{[%clk 0:00:06]} Kc5 {[%clk 0:00:48]} 54. Ke4 {[%clk 0:00:07]} Kd6
{[%clk 0:00:49]} 55. Kd4 {[%clk 0:00:03]} e5+ {[%clk 0:00:49]} 56. Ke4
{[%clk 0:00:04]} Ke6 {[%clk 0:00:51]} 57. Ke3 {[%clk 0:00:04]} Kf5
{[%clk 0:00:52]} 58. Kf3 {[%clk 0:00:03]} h5 {[%clk 0:00:45]} 59. Ke3
{[%clk 0:00:04]} e4 {[%clk 0:00:44]} 60. h4 {[%clk 0:00:03]} Ke5 {[%clk 0:00:44]}
61. Ke2 {[%clk 0:00:04]} Kf4 {[%clk 0:00:46]} 62. Kf2 {[%clk 0:00:05]} Kg4
{[%clk 0:00:45]} 0-1